[Event "0MCR_3DE_2L_1S"]
[Site "?"]
[Date "2003.??.??"]
[Round "?"]
[White "Tomisek, Petr"]
[Black "Hurka, Jiri"]
[Result "1-0"]
[WhiteElo "2165"]
[BlackElo "1800"]
[PlyCount "89"]
[EventDate "2003.??.??"]
[EventType "corr"]
[EventRounds "2"]
[SourceDate "2004.06.03"]

1. e4 e5 2. Nf3 Nc6 3. d4 exd4 4. Bc4 Bc5 5. c3 dxc3 6. Bxf7+ Kxf7 7. Qd5+ Kf8
8. Qxc5+ d6 9. Qxc3 Qe7 10. O-O Qxe4 11. Re1 Qg6 12. Qb3 Nf6 13. Nc3 Qf7 14.
Qa4 Bg4 15. Ng5 Qd7 16. Bd2 Ne5 17. Qb3 b6 18. Nce4 h6 19. Nxf6 gxf6 20. Ne4
Qg7 21. Qc3 c5 22. f4 Nc6 23. Nxf6 Nd4 24. Nxg4 Qxg4 25. Qe3 Qg7 26. Bc3 Rg8
27. g3 Qf6 28. Rad1 Rd8 29. Bxd4 cxd4 30. Rxd4 Rg7 31. Qd3 Rf7 32. b4 Kg7 33.
b5 Qf5 34. Ree4 d5 35. Re3 Qxd3 36. Rexd3 Rfd7 37. a4 Kf6 38. Kf2 h5 39. Kf3
Rd6 40. h3 R8d7 41. g4 Kg6 42. g5 Rd8 43. h4 Kf5 44. Re3 Rc8 45. Re5+ 1-0

[Event "0MCR_3DE_2L_1S"]
[Site "?"]
[Date "2003.??.??"]
[Round "?"]
[White "Tomisek, Petr"]
[Black "Misicko, Jan"]
[Result "1/2-1/2"]
[WhiteElo "2165"]
[BlackElo "2055"]
[PlyCount "78"]
[EventDate "2003.??.??"]
[EventType "corr"]
[EventRounds "2"]
[SourceDate "2004.06.03"]

1. e4 c5 2. d4 cxd4 3. c3 Nf6 4. e5 Nd5 5. Qxd4 e6 6. Nf3 Qc7 7. Bc4 Nb6 8. Be2
Nc6 9. Qe4 d6 10. exd6 Bxd6 11. Nbd2 O-O 12. Nc4 Nxc4 13. Ng5 f5 14. Qxc4 Rf6
15. f4 a6 16. O-O b5 17. Qd3 Bb7 18. Bf3 h6 19. Nh3 Rd8 20. Qe2 e5 21. Bd5+ Kh8
22. Kh1 e4 23. Be3 Bf8 24. Rfd1 Rfd6 25. Bb3 Na5 26. Rxd6 Rxd6 27. Bd4 Nxb3 28.
axb3 Rd5 29. Rd1 Bc5 30. Qh5 Qc6 31. Bxc5 Rxd1+ 32. Qxd1 Qxc5 33. Qd7 Qd5 34.
Qxd5 Bxd5 35. b4 Bc4 36. Kg1 Be2 37. Kf2 Bg4 38. Ng1 g5 39. Ke3 Kg7 1/2-1/2

[Event "0MCR_3DE_2L_1S"]
[Site "?"]
[Date "2003.??.??"]
[Round "?"]
[White "Tomisek, Petr"]
[Black "Nemecek, Pavel"]
[Result "1/2-1/2"]
[WhiteElo "2165"]
[BlackElo "2035"]
[PlyCount "51"]
[EventDate "2003.??.??"]
[EventType "corr"]
[EventRounds "2"]
[SourceDate "2004.06.03"]

1. e4 c5 2. d4 cxd4 3. c3 dxc3 4. Nxc3 Nc6 5. Nf3 e6 6. Bc4 a6 7. O-O Nge7 8.
Bg5 h6 9. Bh4 d6 10. Qd2 Qc7 11. Bg3 Ng6 12. Be2 Be7 13. Rac1 O-O 14. Rfd1 Rd8
15. b4 Qb6 16. a3 Bd7 17. h4 Rac8 18. b5 axb5 19. Nxb5 Nce5 20. Rxc8 Bxc8 21.
h5 Nxf3+ 22. gxf3 Ne5 23. Qc3 f6 24. f4 Nf7 25. a4 Bd7 26. Qb3 1/2-1/2

[Event "0MCR_3DE_2L_1S"]
[Site "?"]
[Date "2003.??.??"]
[Round "?"]
[White "Tomisek, Petr"]
[Black "Pauschek, Roman"]
[Result "1/2-1/2"]
[WhiteElo "2165"]
[BlackElo "2080"]
[PlyCount "71"]
[EventDate "2003.??.??"]
[EventType "corr"]
[EventRounds "2"]
[SourceDate "2004.06.03"]

1. e4 e5 2. Bc4 Nf6 3. d4 exd4 4. Nf3 Nxe4 5. Qxd4 Nf6 6. Bg5 Be7 7. Nc3 c6 8.
O-O-O d5 9. Rhe1 O-O 10. Qh4 Be6 11. Bd3 h6 12. Bxh6 Ne4 13. Qf4 Bd6 14. Qe3
Bc5 15. Nd4 Qf6 16. Bxe4 Qxh6 17. Qxh6 gxh6 18. Bf3 Bd7 19. Nce2 Na6 20. c3 Nc7
21. Kd2 Rfe8 22. h3 Ne6 23. Bg4 Nxd4 24. Nxd4 Bxg4 25. hxg4 Bxd4 26. cxd4 Kf8
27. f3 Rxe1 28. Rxe1 Re8 29. Rh1 Kg7 30. b4 a5 31. a3 axb4 32. axb4 Ra8 33. b5
Ra2+ 34. Ke3 Ra3+ 35. Kf4 Ra4 36. Ke5 1/2-1/2

[Event "0MCR_3DE_2L_2S"]
[Site "?"]
[Date "2003.??.??"]
[Round "?"]
[White "Cakl, Miloslav"]
[Black "Glasberger, Roman"]
[Result "1-0"]
[WhiteElo "1800"]
[BlackElo "1800"]
[PlyCount "77"]
[EventDate "2003.??.??"]
[EventType "corr"]
[EventRounds "2"]
[SourceDate "2004.06.03"]

1. e4 c5 2. Nf3 Nc6 3. d4 cxd4 4. Nxd4 Nf6 5. Nc3 e6 6. Bf4 Bb4 7. Ndb5 Nxe4 8.
Qd3 d5 9. Nc7+ Kf8 10. Nxa8 Qf6 11. Bg3 Nxc3 12. a3 Ba5 13. b4 Bd8 14. Be2 Nxe2
15. Kxe2 Nd4+ 16. Kd1 e5 17. Qc3 Bg4+ 18. f3 Nxf3 19. Kc1 Nd4 20. Kb2 e4 21.
Qc5+ Be7 22. Qxd5 Nf5+ 23. Kb1 Nxg3 24. hxg3 Qc6 25. Qxc6 bxc6 26. Nc7 e3 27.
Kb2 Bd6 28. Na6 Bxg3 29. a4 e2 30. b5 Ke7 31. Nb4 Kd6 32. Nxc6 Rb8 33. Nxb8 h5
34. Nc6 Bf2 35. Kc3 h4 36. Kd3 h3 37. gxh3 Bf3 38. Rhg1 g6 39. Nd4 1-0

[Event "0MCR_3DE_2L_2S"]
[Site "?"]
[Date "2003.??.??"]
[Round "?"]
[White "Cakl, Miloslav"]
[Black "Gutman, Petr"]
[Result "1/2-1/2"]
[WhiteElo "1800"]
[BlackElo "2000"]
[PlyCount "41"]
[EventDate "2003.??.??"]
[EventType "corr"]
[EventRounds "2"]
[SourceDate "2004.06.03"]

1. e4 c5 2. Nf3 d6 3. d4 cxd4 4. Nxd4 Nf6 5. Nc3 a6 6. Be2 e5 7. Nf3 h6 8. Bc4
Be6 9. Bxe6 fxe6 10. Be3 Nc6 11. Qd3 Nb4 12. Qe2 Be7 13. Nh4 Kf7 14. O-O g5 15.
Nf3 Qc7 16. a3 Nc6 17. Rad1 Rag8 18. Qd3 Nh5 19. Kh1 Nf4 20. Qd2 Rg6 21. Na4
1/2-1/2

[Event "0MCR_3DE_2L_2S"]
[Site "?"]
[Date "2003.??.??"]
[Round "?"]
[White "Cakl, Miloslav"]
[Black "Holasek, Pavel"]
[Result "1-0"]
[WhiteElo "1800"]
[BlackElo "1800"]
[PlyCount "69"]
[EventDate "2003.??.??"]
[EventType "corr"]
[EventRounds "2"]
[SourceDate "2004.06.03"]

1. e4 c5 2. Nf3 Nf6 3. e5 Nd5 4. Nc3 e6 5. Nxd5 exd5 6. d4 Nc6 7. dxc5 Bxc5 8.
Qxd5 Qb6 9. Bc4 Bxf2+ 10. Kf1 O-O 11. Qe4 d5 12. exd6 Qc5 13. Bd3 f5 14. Qc4+
Kh8 15. Bf4 Bd7 16. c3 Rae8 17. Rd1 Re4 18. Qxc5 Bxc5 19. g3 Rfe8 20. b4 Bb6
21. a3 a5 22. h3 h6 23. bxa5 Bxa5 24. Bxe4 fxe4 25. Nd4 Bxc3 26. Nb5 Ba5 27.
Nc7 Rf8 28. Kg2 Kg8 29. Rhf1 g5 30. Be3 Ne5 31. Nd5 Nf3 32. g4 Bb5 33. Rf2 Be1
34. Rb2 Ba6 35. d7 1-0

[Event "0MCR_3DE_2L_2S"]
[Site "?"]
[Date "2003.??.??"]
[Round "?"]
[White "Cakl, Miloslav"]
[Black "Markytan, Vladislav"]
[Result "0-1"]
[WhiteElo "1800"]
[BlackElo "1900"]
[PlyCount "97"]
[EventDate "2003.??.??"]
[EventType "corr"]
[EventRounds "2"]
[SourceDate "2004.06.03"]

1. e4 e6 2. d4 d5 3. Nc3 Nf6 4. Bg5 Be7 5. e5 Nfd7 6. Bxe7 Qxe7 7. Qg4 O-O 8.
Nf3 c5 9. Bd3 h6 10. dxc5 Qxc5 11. O-O a6 12. Rfe1 Qc7 13. Re2 Nc6 14. Rae1 Rd8
15. Nb1 Nc5 16. Nd4 Qe7 17. Re3 Qg5 18. Qxg5 hxg5 19. Nxc6 bxc6 20. Nd2 a5 21.
Rg3 Ba6 22. Bf1 a4 23. Rxg5 Rdb8 24. Rb1 Nd7 25. a3 Bxf1 26. Kxf1 c5 27. f4 c4
28. Rg3 Nc5 29. Ke2 Rb7 30. Kd1 Kh7 31. Re3 Rab8 32. Kc1 Kg6 33. h3 f5 34. Nf3
Kh5 35. Nd4 g5 36. fxg5 Kxg5 37. Rf3 Rb6 38. b4 cxb3 39. cxb3 Nd7 40. Rb2 Nxe5
41. Rc3 Nc4 42. Nxe6+ Kh6 43. bxc4 Rxb2 44. cxd5 Rxg2 45. Rc4 Ra2 46. Rxa4 Rbb2
47. Rd4 Rf2 48. Kb1 Rab2+ 49. Ka1 0-1

[Event "0MCR_3DE_2L_2S"]
[Site "?"]
[Date "2003.??.??"]
[Round "?"]
[White "Cakl, Miloslav"]
[Black "Novak, Vaclav"]
[Result "0-1"]
[WhiteElo "1800"]
[BlackElo "1795"]
[PlyCount "86"]
[EventDate "2003.??.??"]
[EventType "corr"]
[EventRounds "2"]
[SourceDate "2004.06.03"]

1. e4 c5 2. Nf3 d6 3. d4 cxd4 4. Nxd4 Nf6 5. Nc3 a6 6. Bg5 e6 7. Be2 Be7 8. Qd3
b5 9. a3 Bb7 10. O-O Nbd7 11. Qe3 h6 12. Bxf6 Bxf6 13. Rad1 Qb6 14. Na2 O-O 15.
c3 Nc5 16. Bd3 Nxd3 17. Rxd3 a5 18. Rfd1 Qc5 19. R3d2 e5 20. Nf5 Bg5 21. Qg3
Bxe4 22. h4 Bxf5 23. hxg5 hxg5 24. Rxd6 f6 25. Nc1 Qc4 26. Qf3 Bg4 27. Qd5+ Kh7
28. f3 Bh5 29. Nd3 Qxd5 30. Rxd5 Rfd8 31. Nf4 Rxd5 32. Nxd5 g4 33. f4 exf4 34.
Nxf4 Bf7 35. Kf2 Re8 36. Ne2 Bc4 37. Nd4 a4 38. Kg3 Re4 39. Rh1+ Kg6 40. Kf2 f5
41. g3 Re8 42. Rh2 Kg5 43. Rh7 g6 0-1

[Event "0MCR_3DE_2L_2S"]
[Site "?"]
[Date "2003.??.??"]
[Round "?"]
[White "Cakl, Miloslav"]
[Black "Paukert, Martin"]
[Result "1/2-1/2"]
[WhiteElo "1800"]
[BlackElo "2030"]
[PlyCount "89"]
[EventDate "2003.??.??"]
[EventType "corr"]
[EventRounds "2"]
[SourceDate "2004.06.03"]

1. e4 e5 2. Nf3 Nf6 3. Nc3 Bb4 4. Nxe5 O-O 5. Bc4 Qe7 6. Nf3 Bxc3 7. dxc3 Qxe4+
8. Qe2 Qxe2+ 9. Bxe2 Re8 10. Bg5 Ne4 11. Be3 d6 12. Bd3 Nd7 13. O-O-O Ndc5 14.
Rde1 Be6 15. Nd4 Nxd3+ 16. cxd3 Nc5 17. Kc2 Bd5 18. Rhg1 Ne6 19. Nxe6 Bxe6 20.
Re2 Re7 21. Rge1 Rae8 22. c4 a5 23. b3 f6 24. d4 d5 25. Bf4 dxc4 26. bxc4 Kf7
27. Kc3 c6 28. a4 Bd7 29. Rxe7+ Rxe7 30. Rxe7+ Kxe7 31. Bc7 c5 32. dxc5 Bxa4
33. Bxa5 Ke6 34. Kd4 Bc6 35. f3 g5 36. Bd2 g4 37. fxg4 Bxg2 38. Ke3 Bh3 39. Kf4
Bf1 40. Ba5 Bxc4 41. h4 Be2 42. g5 fxg5+ 43. hxg5 Kd5 44. Bb6 Bd3 45. Kg3
1/2-1/2

[Event "0MCR_3DE_2L_2S"]
[Site "?"]
[Date "2003.??.??"]
[Round "?"]
[White "Cakl, Miloslav"]
[Black "Pensimus, Petr"]
[Result "1-0"]
[WhiteElo "1800"]
[BlackElo "1895"]
[PlyCount "59"]
[EventDate "2003.??.??"]
[EventType "corr"]
[EventRounds "2"]
[SourceDate "2004.06.03"]

1. e4 e5 2. Nf3 Nc6 3. Nc3 Nf6 4. Bb5 Bb4 5. O-O O-O 6. d3 d6 7. Bg5 Bxc3 8.
bxc3 h6 9. Bh4 Nb8 10. Bc4 c6 11. Nd2 Nbd7 12. Bb3 a5 13. a4 b6 14. Qf3 Bb7 15.
Nc4 Qc7 16. Ne3 Rae8 17. Nf5 Kh7 18. Rab1 d5 19. Rfe1 Re6 20. Ne3 dxe4 21. dxe4
Ree8 22. Rbd1 c5 23. Nc4 Re6 24. Na3 Rd6 25. Nb5 Rxd1 26. Rxd1 Qc8 27. Nd6 Qc7
28. Qf5+ g6 29. Qh3 c4 30. Bxc4 1-0

[Event "0MCR_3DE_2L_2S"]
[Site "?"]
[Date "2003.??.??"]
[Round "?"]
[White "Glasberger, Roman"]
[Black "Cakl, Miloslav"]
[Result "1/2-1/2"]
[WhiteElo "1800"]
[BlackElo "1800"]
[PlyCount "69"]
[EventDate "2003.??.??"]
[EventType "corr"]
[EventRounds "2"]
[SourceDate "2004.06.03"]

1. e4 c5 2. Nf3 d6 3. d4 cxd4 4. Nxd4 Nf6 5. Nc3 a6 6. Bc4 g6 7. f3 Bg7 8. Be3
Qc7 9. Bb3 O-O 10. Qd2 Nc6 11. O-O-O Na5 12. h4 h5 13. Rhe1 Nxb3+ 14. Nxb3 b5
15. Bh6 Bxh6 16. Qxh6 Bb7 17. a3 Rfc8 18. Qg5 Nh7 19. Qd2 Nf6 20. Qe2 Nd7 21.
f4 Rab8 22. e5 Nc5 23. Nd4 dxe5 24. fxe5 Qb6 25. e6 Nxe6 26. Nxe6 Qxe6 27. Qxe6
fxe6 28. Rxe6 Kf7 29. Re2 Rc7 30. Rd4 Re8 31. Nd5 Bxd5 32. Rxd5 Rc4 33. Rf2+
Kg7 34. g3 Rg4 35. Rf3 1/2-1/2

[Event "0MCR_3DE_2L_2S"]
[Site "?"]
[Date "2003.??.??"]
[Round "?"]
[White "Glasberger, Roman"]
[Black "Gutman, Petr"]
[Result "1/2-1/2"]
[WhiteElo "1800"]
[BlackElo "2000"]
[PlyCount "40"]
[EventDate "2003.??.??"]
[EventType "corr"]
[EventRounds "2"]
[SourceDate "2004.06.03"]

1. d4 Nf6 2. c4 e6 3. g3 d5 4. Bg2 Be7 5. Nf3 O-O 6. O-O dxc4 7. Qa4 a6 8. Qxc4
b5 9. Qc2 Bb7 10. Bd2 Nc6 11. e3 Nb4 12. Bxb4 Bxb4 13. a3 Be7 14. Nbd2 Rc8 15.
b4 a5 16. Ne5 Bxg2 17. Kxg2 axb4 18. Nc6 Qd7 19. axb4 Nd5 20. Rfb1 Bd6 1/2-1/2

[Event "0MCR_3DE_2L_2S"]
[Site "?"]
[Date "2003.??.??"]
[Round "?"]
[White "Glasberger, Roman"]
[Black "Holasek, Pavel"]
[Result "1/2-1/2"]
[WhiteElo "1800"]
[BlackElo "1800"]
[PlyCount "97"]
[EventDate "2003.??.??"]
[EventType "corr"]
[EventRounds "2"]
[SourceDate "2004.06.03"]

1. Nf3 Nf6 2. c4 g6 3. g3 Bg7 4. Bg2 O-O 5. O-O d6 6. d4 Nbd7 7. Nc3 e5 8. e4
c6 9. h3 Qb6 10. Re1 Re8 11. d5 Nc5 12. Rb1 a5 13. Be3 Qc7 14. Nd2 Bd7 15. Bf1
Nh5 16. dxc6 bxc6 17. Bxc5 dxc5 18. Nb3 Bf8 19. Na4 Qa7 20. Qf3 Ng7 21. Rbd1
Ne6 22. Rd2 Nd4 23. Qd3 Rab8 24. Rdd1 Rb4 25. Nxd4 cxd4 26. b3 Rb7 27. Bg2 Bb4
28. Rf1 f6 29. f4 c5 30. f5 Bxa4 31. bxa4 g5 32. Rb1 Reb8 33. Bf3 Bc3 34. Rb5
Rxb5 35. axb5 Kf8 36. a3 Ke7 37. Rc1 Kf8 38. Kg2 Qf7 39. a4 Rb6 40. Qe2 Qg7 41.
Kf2 Qe7 42. Bh5 Bb4 43. Rd1 Rd6 44. Qf3 Bc3 45. Ke2 Bb4 46. Kd3 Qg7 47. Qg4 Rd7
48. Rg1 Qh6 49. Rd1 1/2-1/2

[Event "0MCR_3DE_2L_2S"]
[Site "?"]
[Date "2003.??.??"]
[Round "?"]
[White "Glasberger, Roman"]
[Black "Markytan, Vladislav"]
[Result "1/2-1/2"]
[WhiteElo "1800"]
[BlackElo "1900"]
[PlyCount "61"]
[EventDate "2003.??.??"]
[EventType "corr"]
[EventRounds "2"]
[SourceDate "2004.06.03"]

1. e4 e6 2. d4 d5 3. Nc3 Nf6 4. Bg5 Be7 5. e5 Nfd7 6. Bxe7 Qxe7 7. f4 O-O 8.
Nf3 c5 9. Qd2 f6 10. exf6 Qxf6 11. g3 Nc6 12. dxc5 Nxc5 13. O-O-O b6 14. Bb5
Ne7 15. Rhe1 a6 16. Bf1 a5 17. Bh3 Nc6 18. Ng5 Kh8 19. Nb5 Bd7 20. Nc7 Rac8 21.
Ncxe6 Nb4 22. Nxf8 Bxh3 23. Nxh3 Na4 24. Re5 Qc6 25. Kb1 Nxb2 26. Kxb2 Qa4 27.
Ng6+ hxg6 28. Re8+ Qxe8 29. c3 Nxa2 30. Kxa2 Qa4+ 31. Kb2 1/2-1/2

[Event "0MCR_3DE_2L_2S"]
[Site "?"]
[Date "2003.??.??"]
[Round "?"]
[White "Glasberger, Roman"]
[Black "Novak, Vaclav"]
[Result "1-0"]
[WhiteElo "1800"]
[BlackElo "1795"]
[PlyCount "47"]
[EventDate "2003.??.??"]
[EventType "corr"]
[EventRounds "2"]
[SourceDate "2004.06.03"]

1. e4 c5 2. Nf3 d6 3. d4 cxd4 4. Nxd4 Nf6 5. Nc3 a6 6. Bg5 e6 7. f4 Be7 8. Qf3
Qc7 9. O-O-O Nbd7 10. g4 b5 11. Bxf6 Nxf6 12. g5 Nd7 13. f5 Bxg5+ 14. Kb1 Nc5
15. Bxb5+ axb5 16. Ndxb5 Qe7 17. h4 Bxh4 18. Nxd6+ Kf8 19. Rxh4 Qxh4 20. e5 Bb7
21. Nxb7 Na4 22. fxe6 Nxc3+ 23. bxc3 Qe7 24. Nc5 1-0

[Event "0MCR_3DE_2L_2S"]
[Site "?"]
[Date "2003.??.??"]
[Round "?"]
[White "Glasberger, Roman"]
[Black "Paukert, Martin"]
[Result "1-0"]
[WhiteElo "1800"]
[BlackElo "2030"]
[PlyCount "69"]
[EventDate "2003.??.??"]
[EventType "corr"]
[EventRounds "2"]
[SourceDate "2004.06.03"]

1. e4 e5 2. Nf3 Nf6 3. d4 Nxe4 4. Bd3 d5 5. Nxe5 Bd6 6. O-O O-O 7. c4 Bxe5 8.
dxe5 Nc6 9. cxd5 Qxd5 10. Qc2 Nb4 11. Bxe4 Nxc2 12. Bxd5 Bf5 13. g4 Bxg4 14.
Be4 Nxa1 15. Bf4 f5 16. Bd5+ Kh8 17. Rc1 c6 18. Bg2 Rfd8 19. Nd2 Rxd2 20. Bxd2
Rd8 21. Bc3 Rd1+ 22. Rxd1 Bxd1 23. Bf1 g6 24. Bc4 Kg7 25. Kf1 Nc2 26. Be2 Bxe2+
27. Kxe2 c5 28. Kd3 Nb4+ 29. Bxb4 cxb4 30. Kd4 Kf7 31. Kd5 Ke7 32. f4 a5 33. h4
a4 34. b3 a3 35. e6 1-0

[Event "0MCR_3DE_2L_2S"]
[Site "?"]
[Date "2003.??.??"]
[Round "?"]
[White "Glasberger, Roman"]
[Black "Pensimus, Petr"]
[Result "1-0"]
[WhiteElo "1800"]
[BlackElo "1895"]
[PlyCount "57"]
[EventDate "2003.??.??"]
[EventType "corr"]
[EventRounds "2"]
[SourceDate "2004.06.03"]

1. d4 Nf6 2. c4 g6 3. Nc3 Bg7 4. e4 d6 5. f3 O-O 6. Be3 e5 7. d5 Nfd7 8. Nge2
f5 9. Qd2 Nf6 10. exf5 Bxf5 11. Ng3 Bc8 12. h4 Nh5 13. Nxh5 gxh5 14. Bd3 Nd7
15. O-O-O a6 16. Ne4 b5 17. c5 dxc5 18. Ng5 Nf6 19. Bxc5 Re8 20. Qc2 e4 21.
Nxe4 Nd7 22. Bb4 Ne5 23. Ng5 Qf6 24. Bxh7+ Kh8 25. Rhe1 a5 26. Bc3 Qf4+ 27. Bd2
Qf8 28. Bg6 Ra6 29. Bf7 1-0

[Event "0MCR_3DE_2L_2S"]
[Site "?"]
[Date "2003.??.??"]
[Round "?"]
[White "Gutman, Petr"]
[Black "Cakl, Miloslav"]
[Result "1/2-1/2"]
[WhiteElo "2000"]
[BlackElo "1800"]
[PlyCount "38"]
[EventDate "2003.??.??"]
[EventType "corr"]
[EventRounds "2"]
[SourceDate "2004.06.03"]

1. c4 Nf6 2. Nc3 e5 3. g3 Bc5 4. Bg2 O-O 5. e3 c6 6. Nge2 d6 7. O-O Bb6 8. d4
Re8 9. h3 Na6 10. a3 Be6 11. d5 cxd5 12. cxd5 Bd7 13. e4 Qe7 14. b4 Nc7 15. Na4
Bxa4 16. Qxa4 a5 17. Bd2 axb4 18. Qb3 Nb5 19. axb4 Nd4 1/2-1/2

[Event "0MCR_3DE_2L_2S"]
[Site "?"]
[Date "2003.??.??"]
[Round "?"]
[White "Gutman, Petr"]
[Black "Glasberger, Roman"]
[Result "1-0"]
[WhiteElo "2000"]
[BlackElo "1800"]
[PlyCount "75"]
[EventDate "2003.??.??"]
[EventType "corr"]
[EventRounds "2"]
[SourceDate "2004.06.03"]

1. c4 Nf6 2. Nc3 e5 3. g3 c6 4. Nf3 e4 5. Nd4 d5 6. cxd5 cxd5 7. d3 Bc5 8. Nb3
Bb4 9. dxe4 Nxe4 10. Bd2 Qb6 11. Nxe4 dxe4 12. Bxb4 Qxb4+ 13. Qd2 Nc6 14. Bg2
f5 15. Qxb4 Nxb4 16. O-O Be6 17. Nd4 Ke7 18. f3 e3 19. f4 Rhd8 20. Rad1 Rd6 21.
a3 Nc6 22. Nxc6+ bxc6 23. Rxd6 Kxd6 24. Rf3 Rb8 25. Rxe3 Rxb2 26. Bxc6 a5 27.
Kf2 Bb3 28. Bb5 Bd5 29. Bd3 g6 30. h3 a4 31. g4 fxg4 32. hxg4 Ra2 33. Bb5 Bb3
34. Be8 Be6 35. Kf3 Ra1 36. Rd3+ Ke7 37. Bxa4 Bxg4+ 38. Kxg4 1-0

[Event "0MCR_3DE_2L_2S"]
[Site "?"]
[Date "2003.??.??"]
[Round "?"]
[White "Gutman, Petr"]
[Black "Holasek, Pavel"]
[Result "1-0"]
[WhiteElo "2000"]
[BlackElo "1800"]
[PlyCount "29"]
[EventDate "2003.??.??"]
[EventType "corr"]
[EventRounds "2"]
[SourceDate "2004.06.03"]

1. c4 Nf6 2. Nc3 e5 3. g3 Bb4 4. Bg2 O-O 5. e4 Bxc3 6. bxc3 c6 7. Qb3 Na6 8.
Ba3 Re8 9. Ne2 Nc7 10. Bd6 Re6 11. c5 Nfe8 12. f4 b6 13. fxe5 Na6 14. Nd4 Rg6
15. O-O 1-0

[Event "0MCR_3DE_2L_2S"]
[Site "?"]
[Date "2003.??.??"]
[Round "?"]
[White "Gutman, Petr"]
[Black "Markytan, Vladislav"]
[Result "0-1"]
[WhiteElo "2000"]
[BlackElo "1900"]
[PlyCount "108"]
[EventDate "2003.??.??"]
[EventType "corr"]
[EventRounds "2"]
[SourceDate "2004.06.03"]

1. c4 Nf6 2. Nc3 e6 3. e4 c5 4. e5 Ng8 5. Nf3 Nc6 6. d4 cxd4 7. Nxd4 Nxe5 8.
Ndb5 a6 9. Nd6+ Bxd6 10. Qxd6 f6 11. Be3 Ne7 12. Bb6 Nf5 13. Qc5 d6 14. Qa5 Qd7
15. f4 Nc6 16. Qa3 Nce7 17. O-O-O Qc6 18. Qa5 Bd7 19. Rg1 d5 20. Kb1 Nd6 21.
cxd5 Nxd5 22. Nxd5 exd5 23. Qxd5 Bf5+ 24. Ka1 Qxb6 25. Qxd6 Qxd6 26. Rxd6 Ke7
27. Rb6 Be4 28. Be2 Kf7 29. Bc4+ Kg6 30. Re1 Rhe8 31. a3 Bc6 32. Rc1 Be4 33.
Re1 Rad8 34. g3 h5 35. b3 h4 36. gxh4 Kf5 37. h5 Bc6 38. Rxe8 Rxe8 39. Bxa6 Re7
40. h4 Rc7 41. Bd3+ Kxf4 42. Rb4+ Ke5 43. Kb2 f5 44. Rc4 Rd7 45. Kc3 Be4 46.
Rc5+ Kf4 47. Bb5 Rd5 48. b4 Rxc5+ 49. bxc5 Ke3 50. a4 f4 51. a5 f3 52. a6 bxa6
53. Bxa6 f2 54. Bf1 Bf3 0-1

[Event "0MCR_3DE_2L_2S"]
[Site "?"]
[Date "2003.??.??"]
[Round "?"]
[White "Gutman, Petr"]
[Black "Novak, Vaclav"]
[Result "1-0"]
[WhiteElo "2000"]
[BlackElo "2000"]
[PlyCount "31"]
[EventDate "2003.??.??"]
[EventType "corr"]
[EventRounds "2"]
[SourceDate "2004.06.03"]

1. c4 Nf6 2. Nc3 e6 3. e4 d5 4. cxd5 exd5 5. e5 Ne4 6. d4 Bb4 7. Qa4+ Nc6 8.
Bb5 Bd7 9. Nge2 Bxc3+ 10. bxc3 a6 11. Bxc6 Bxc6 12. Qc2 Bb5 13. O-O O-O 14. a4
Bc4 15. f3 Ng5 16. Rf2 1-0

[Event "0MCR_3DE_2L_2S"]
[Site "?"]
[Date "2003.??.??"]
[Round "?"]
[White "Gutman, Petr"]
[Black "Paukert, Martin"]
[Result "1-0"]
[WhiteElo "2000"]
[BlackElo "2030"]
[PlyCount "71"]
[EventDate "2003.??.??"]
[EventType "corr"]
[EventRounds "2"]
[SourceDate "2004.06.03"]

1. c4 c5 2. Nc3 Nc6 3. g3 g6 4. Bg2 Bg7 5. e4 d6 6. Nge2 Nf6 7. O-O O-O 8. d3
Ne8 9. Be3 Nd4 10. Rb1 Nc7 11. b4 Rb8 12. h3 Nce6 13. f4 f5 14. bxc5 dxc5 15.
e5 Kh8 16. Bd5 Nxe2+ 17. Nxe2 b6 18. Qa4 Qc7 19. Nc3 Bd7 20. Nb5 Bxb5 21. cxb5
Qd7 22. Qb3 Nd8 23. Rfd1 e6 24. Bg2 Qe7 25. d4 g5 26. dxc5 gxf4 27. gxf4 bxc5
28. Qa3 Rg8 29. Bxc5 Qe8 30. Qxa7 Rxb5 31. Rxb5 Qxb5 32. Bf2 Qe8 33. Qd7 Nf7
34. Qxe8 Rxe8 35. a4 Bh6 36. Rd4 1-0

[Event "0MCR_3DE_2L_2S"]
[Site "?"]
[Date "2003.??.??"]
[Round "?"]
[White "Gutman, Petr"]
[Black "Pensimus, Petr"]
[Result "1-0"]
[WhiteElo "2000"]
[BlackElo "1895"]
[PlyCount "77"]
[EventDate "2003.??.??"]
[EventType "corr"]
[EventRounds "2"]
[SourceDate "2004.06.03"]

1. c4 e5 2. Nc3 Nf6 3. g3 c6 4. Nf3 e4 5. Nd4 d5 6. cxd5 cxd5 7. d3 Bc5 8. Nb3
Bb4 9. dxe4 Nxe4 10. Bd2 Bxc3 11. Bxc3 Nxc3 12. bxc3 Qc7 13. Rc1 Be6 14. Bg2
O-O 15. O-O Nc6 16. f4 Ne7 17. Nd4 Qc8 18. Qb3 Rd8 19. e4 Qc5 20. f5 Bc8 21. f6
Nc6 22. fxg7 Nxd4 23. cxd4 Qxd4+ 24. Kh1 b6 25. exd5 Ba6 26. d6 Qxg7 27. Bxa8
Bxf1 28. Rxf1 Rxa8 29. Qd5 Qf8 30. d7 h6 31. Re1 Kg7 32. Qe5+ Kh7 33. Rc1 Kg8
34. Qe4 Rd8 35. Rc8 Kg7 36. Rxd8 Qxd8 37. Qe8 Qf6 38. Kg2 Qb2+ 39. Kh3 1-0

[Event "0MCR_3DE_2L_2S"]
[Site "?"]
[Date "2003.??.??"]
[Round "?"]
[White "Holasek, Pavel"]
[Black "Cakl, Miloslav"]
[Result "0-1"]
[WhiteElo "1800"]
[BlackElo "1800"]
[PlyCount "70"]
[EventDate "2003.??.??"]
[EventType "corr"]
[EventRounds "2"]
[SourceDate "2004.06.03"]

1. e4 c5 2. Nf3 d6 3. d4 cxd4 4. Nxd4 Nf6 5. Nc3 a6 6. Be3 g6 7. f3 Bg7 8. Qd2
Nc6 9. O-O-O Bd7 10. g4 Rc8 11. h4 b5 12. h5 Ne5 13. h6 Bf8 14. g5 b4 15. Nd5
Nxd5 16. exd5 Qa5 17. Kb1 Qxd5 18. b3 Qa5 19. Rh4 f6 20. Qe2 Nf7 21. gxf6 e5
22. Qf2 d5 23. Ne2 Bf5 24. Rd2 g5 25. Bb6 Rxc2 26. Bxa5 Rxd2+ 27. Kc1 Rc2+ 28.
Kd1 Bc5 29. Qg3 gxh4 30. Qxh4 Rxa2 31. Bxb4 Be3 32. Nc3 Ra1+ 33. Ke2 Bf4 34.
Nxd5 Ra2+ 35. Kd1 Rh2 0-1

[Event "0MCR_3DE_2L_2S"]
[Site "?"]
[Date "2003.??.??"]
[Round "?"]
[White "Holasek, Pavel"]
[Black "Glasberger, Roman"]
[Result "0-1"]
[WhiteElo "1800"]
[BlackElo "1800"]
[PlyCount "118"]
[EventDate "2003.??.??"]
[EventType "corr"]
[EventRounds "2"]
[SourceDate "2004.06.03"]

1. e4 c5 2. Nf3 d6 3. Bb5+ Bd7 4. Bxd7+ Qxd7 5. O-O Nc6 6. c3 e6 7. d4 cxd4 8.
cxd4 Nf6 9. d5 Ne5 10. Nc3 exd5 11. exd5 Be7 12. Re1 O-O 13. Nxe5 dxe5 14. Rxe5
Bd6 15. Re1 Rae8 16. Be3 Ng4 17. h3 Nxe3 18. Rxe3 Rxe3 19. fxe3 Re8 20. e4 Qe7
21. Qf3 Qe5 22. g3 b5 23. a3 a6 24. Kg2 Qg5 25. Rf1 Qg6 26. Qg4 Qxg4 27. hxg4
h6 28. Kf3 Rc8 29. Nd1 Kf8 30. Ne3 Be5 31. Rf2 Rc1 32. Rd2 Ke8 33. Nf5 Kd7 34.
Nd4 Rg1 35. Ne2 Rb1 36. Nc3 Bxc3 37. bxc3 Rb3 38. Rc2 Rxa3 39. Ke3 f6 40. Kf4
Ra4 41. Kf5 Ke7 42. Rd2 Kd6 43. Re2 a5 44. Kg6 Rc4 45. Kxg7 Rxc3 46. Kxf6 Rf3+
47. Kg6 Ke5 48. Kxh6 b4 49. g5 b3 50. g6 a4 51. Rg2 Rf6 52. Rb2 Kxe4 53. Rd2
Rd6 54. Re2+ Kd3 55. Re6 Rd8 56. Rb6 Kc3 57. Rc6+ Kb2 58. Rf6 a3 59. g7 a2 0-1

[Event "0MCR_3DE_2L_2S"]
[Site "?"]
[Date "2003.??.??"]
[Round "?"]
[White "Holasek, Pavel"]
[Black "Gutman, Petr"]
[Result "0-1"]
[WhiteElo "1800"]
[BlackElo "2000"]
[PlyCount "66"]
[EventDate "2003.??.??"]
[EventType "corr"]
[EventRounds "2"]
[SourceDate "2004.06.03"]

1. e4 c5 2. Nf3 d6 3. Bb5+ Bd7 4. Bxd7+ Qxd7 5. O-O Nc6 6. c3 Nf6 7. d4 Nxe4 8.
d5 Ne5 9. Re1 Nxf3+ 10. Qxf3 Nf6 11. Na3 O-O-O 12. Bg5 h6 13. Bxf6 gxf6 14. b4
Rg8 15. Qe3 Kb8 16. bxc5 dxc5 17. c4 e6 18. dxe6 fxe6 19. Qxe6 Qxe6 20. Rxe6
Rg4 21. g3 Rgd4 22. Rae1 a6 23. Rxf6 Rd2 24. Rb1 Bg7 25. Rfb6 R8d7 26. R1b3 Rf7
27. Nb1 Rxa2 28. Nc3 Raxf2 29. Nd5 Rc2 30. Nf4 Ka7 31. Ne6 Bc3 32. Rd6 Re7 33.
Rb1 Be5 0-1